000 00990nam a2200241Ia 4500
008 0000002002 sp ad 0000000000mul00
090 _aPSP00 B61e
100 1 _aBoada Bravo, José
245 1 0 _aEnrique Marty
_b: empty rooms (acuarelas)
_c/ textos José Boada Bravo y Rafael Doctor Roncero ; comisario Antonio Latorre ; fotografías Gonzalo Bullón
300 _a[48] p.
_c/ 26 cm.
500 _aIncluye cronología del artista \ Texto bilingue: español ingles
501 _aEnrique Marty y mucho más que la familia
505 _aDe la serie Empty rooms
600 0 0 _aMARTY, ENRIQUE, 1969/
_xTRABAJOS PICTORICOS
650 1 4 _aACUARELA ESPAÑOLA
650 1 4 _aARTE CONTEMPORANEO ESPAÑOL
650 1 4 _aARTISTAS PLASTICOS ESPAÑOLES
650 1 4 _xCATALOGOS
650 1 4 _aPINTORES ESPAÑOLES
650 1 4 _aPINTURA ESPAÑOLA
700 1 _aDoctor Roncero, Rafael \ Latorre, Antonio \ Bullón, Gonzalo
999 _c13333
_d13333
260 _a[Madrid] : Pelayo Mutua de Seguros
_c2002